| 000 | 00795aam a2200301 i 4500 | ||
|---|---|---|---|
| 001 | 768714001 | ||
| 003 | CO-MdFUSB | ||
| 005 | 20250524131140.0 | ||
| 007 | ta | ||
| 008 | 250524t1989 mx |||| |||| 00| 0 spa d | ||
| 020 | _a968-428-276-1 | ||
| 040 | _cCO-MdFUSB | ||
| 041 | 0 | _aspa | |
| 082 | 0 | 4 |
_223 _a248.4 _bF365c |
| 100 | 1 |
_aFernández Areal, Manuel _eautor |
|
| 245 | 1 | 3 |
_aEl cariño entre padres e hijos _c/ Manuel Fernández Areal |
| 250 | _aquinta edición | ||
| 264 | 1 |
_bEditora de revistas, _aMéxico : _c[1989] |
|
| 264 | 4 | _c©1989 | |
| 300 | _a40 páginas | ||
| 336 |
_atexto _btxt _2rdacontent |
||
| 337 |
_2rdamedia _asin mediación _bn |
||
| 338 |
_2rdacarrier _avolumen _bnc |
||
| 563 | _aRústico | ||
| 653 | _aFamilia cristiana | ||
| 942 | _cBK | ||
| 945 | _aJTF-925 | ||
| 999 |
_c42779 _d42779 |
||